Chinese Border Disputes - Statistics

General Stats
  • This quiz has been taken 14 times
  • The average score is 15 of 18
Answer Stats
Current % Correct
Japan
100%
Mongolia
100%
Philippines
100%
Russia
100%
Taiwan
100%
India
91%
Malaysia
91%
Myanmar
91%
Nepal
91%
North Korea
91%
Vietnam
91%
Afghanistan
82%
Bhutan
82%
Brunei
73%
Pakistan
73%
Kazakhstan
64%
Kyrgyzstan
64%
Tajikistan
64%
No matching quizzes found
Score Distribution
Percent of People with Each Score
Percentile by Number Answered
Your Score History
You have not taken this quiz